| 000 | 00543nam a22001577a 4500 | ||
|---|---|---|---|
| 003 | OSt | ||
| 005 | 20160321093521.0 | ||
| 008 | 160321b xxu||||| |||| 00| 0 eng d | ||
| 040 | _cRUA | ||
| 082 | _aFIS SVA 2004 B473 Or.1 | ||
| 100 |
_98078 _aSVAY SAMATH; ស្វាយ សំអាត |
||
| 245 | _aការគ្រប់គ្រងធ្វើអាជីវកម្មឡូនេសាទ លេខ៦ ខេត្តពោធិសាត់ | ||
| 260 |
_aPhnom Penh _bRUA _c2004 |
||
| 300 |
_aiv;29p. _bill. _c29cm. |
||
| 942 |
_2ddc _cFIS |
||
| 999 |
_c7680 _d7680 |
||